[Event "XX Festival A"]
[Site "Robecchetto con Induno ITA"]
[Date "2009.12.27"]
[Round "1"]
[White "Cardani, Roberto"]
[Black "Barberi, Alessandro"]
[Result "1/2-1/2"]
[WhiteElo "1960"]
[BlackElo "2098"]
[PlyCount "96"]
[EventDate "2009.12.27"]

1. e4 g6 2. d4 Bg7 3. Nc3 d6 4. Be3 a6 5. Qd2 Nd7 6. f3 b5 7. a4 b4 8. Nd1 Rb8
9. a5 c5 10. c3 Qc7 11. Nh3 e6 12. Be2 h6 13. O-O Ne7 14. Nf4 O-O 15. Nd3 Kh7
16. dxc5 dxc5 17. cxb4 cxb4 18. Nxb4 Rd8 19. Nxa6 Bxa6 20. Bxa6 Nc5 21. Qe2 Nb3
22. Ra3 Nxa5 23. Nc3 Nac6 24. Rc1 Nd4 25. Qf2 Nec6 26. Rd1 Qb6 27. Bb5 e5 28.
Bxc6 Qxc6 29. Nd5 Qb5 30. b4 Rbc8 31. Ra7 Rc2 32. Qf1 Rxd5 33. exd5 Qxd5 34.
Rd2 Qb3 35. Rxc2 Qxe3+ 36. Rf2 Nxf3+ 37. gxf3 Qxa7 38. Kg2 Qe7 39. Qc4 f5 40.
b5 Qg5+ 41. Kh1 Qe3 42. Rf1 h5 43. Qc6 e4 44. fxe4 fxe4 45. Qc7 Qe2 46. Rf7
Qe1+ 47. Kg2 Qe2+ 48. Kh1 Qe1+ 1/2-1/2

[Event "XX Festival A"]
[Site "Robecchetto con Induno ITA"]
[Date "2009.12.27"]
[Round "1"]
[White "Corti, Corrado"]
[Black "Damia, Angelo"]
[Result "1/2-1/2"]
[WhiteElo "2030"]
[BlackElo "2338"]
[PlyCount "115"]
[EventDate "2009.12.27"]

1. d4 b6 2. e4 Bb7 3. Bd3 e6 4. Nf3 c5 5. dxc5 Bxc5 6. O-O Nc6 7. c3 Nf6 8.
Nbd2 d5 9. exd5 Qxd5 10. Bc4 Qh5 11. Qe2 O-O 12. Ba6 Bxa6 13. Qxa6 Ng4 14. h3
Nge5 15. Nxe5 Qxe5 16. Nf3 Qf5 17. Qe2 Rad8 18. Be3 Bxe3 19. Qxe3 Rd3 20. Qe2
Rfd8 21. Rad1 h6 22. Rxd3 Qxd3 23. Qxd3 Rxd3 24. Re1 Kf8 25. Kf1 Ke7 26. Ke2
Rd5 27. Rc1 b5 28. a3 Na5 29. Rc2 Nc4 30. Nd4 a5 31. Nb3 Kd6 32. Nd2 Nxd2 33.
Rxd2 Rxd2+ 34. Kxd2 Kd5 35. b3 e5 36. f3 f5 37. g4 g6 38. gxf5 gxf5 39. Ke3 a4
40. bxa4 bxa4 41. Kd3 e4+ 42. fxe4+ fxe4+ 43. Ke3 Kc4 44. Kxe4 Kxc3 45. h4 Kb3
46. Kd3 Kxa3 47. Kc2 Kb4 48. h5 Kc4 49. Kb2 Kd5 50. Ka3 Ke5 51. Kxa4 Kf5 52.
Kb3 Kg5 53. Kc2 Kxh5 54. Kd2 Kg4 55. Ke2 Kg3 56. Kf1 Kh2 57. Kf2 h5 58. Kf1
1/2-1/2

[Event "XX Festival A"]
[Site "Robecchetto con Induno ITA"]
[Date "2009.12.27"]
[Round "1"]
[White "Curtacci, Sergio"]
[Black "Barlocco, Carlo"]
[Result "0-1"]
[WhiteElo "1974"]
[BlackElo "2158"]
[PlyCount "130"]
[EventDate "2009.12.27"]

1. d4 Nc6 2. Nf3 d6 3. Bf4 Nf6 4. h3 g6 5. e3 Bg7 6. c3 O-O 7. Bc4 Nd7 8. O-O
e5 9. dxe5 dxe5 10. Bg5 Qe8 11. e4 Nb6 12. Bd3 Be6 13. Na3 f6 14. Be3 Rd8 15.
Qe2 Rf7 16. b3 Bf8 17. Nc2 Nd7 18. Rad1 Nc5 19. Bxc5 Bxc5 20. Ne3 a6 21. b4
Bxe3 22. Qxe3 Bxa2 23. b5 axb5 24. Bxb5 Rxd1 25. Rxd1 Rd7 26. Ra1 Qe6 27. Qc5
Kg7 28. Bxc6 bxc6 29. Qa7 Bc4 30. Qc5 Bb5 31. Ra8 Qd6 32. Qe3 c5 33. Kh2 Qc6
34. Rb8 Ba4 35. Nd2 Bc2 36. c4 Rd3 37. Qe2 Qd6 38. Nf3 Bd1 39. Qa2 Bxf3 40.
gxf3 Rxf3 41. Kg2 Qd3 42. Rd8 Qxe4 43. Rd7+ Kh6 44. Qd2+ g5 45. Qd5 Rf4+ 46.
Qxe4 Rxe4 47. Rxc7 Rxc4 48. Kf3 Kg6 49. Rc6 h5 50. Rc8 Kf5 51. Rh8 Rc3+ 52. Kg2
h4 53. Rf8 c4 54. Rf7 Rc2 55. Kf1 e4 56. Rf8 e3 57. Rc8 Kf4 58. Rc6 f5 59. Rc5
g4 60. hxg4 Kxg4 61. Kg2 f4 62. Kg1 Rc1+ 63. Kg2 h3+ 64. Kh2 exf2 65. Rxc4 Rxc4
0-1

[Event "XX Festival A"]
[Site "Robecchetto con Induno ITA"]
[Date "2009.12.27"]
[Round "1"]
[White "Gagliardi, Christian"]
[Black "Bianchi, Alberto"]
[Result "1/2-1/2"]
[WhiteElo "2244"]
[BlackElo "2028"]
[PlyCount "72"]
[EventDate "2009.12.27"]

1. e4 e5 2. Nf3 Nc6 3. Bb5 a6 4. Ba4 Nf6 5. O-O Nxe4 6. d4 b5 7. Bb3 d5 8. dxe5
Be6 9. Nbd2 Nc5 10. c3 Be7 11. Bc2 Qd7 12. Nb3 Bg4 13. Re1 Ne6 14. h3 Bh5 15.
a3 Rd8 16. Bf5 O-O 17. Qd3 Bg6 18. Bxg6 fxg6 19. Nfd4 Ncxd4 20. cxd4 c5 21.
dxc5 Bxc5 22. Be3 Bxe3 23. Rxe3 Qa7 24. Rc1 d4 25. Re4 Nf4 26. Qd2 Nd5 27. Rd1
Rd7 28. Nc1 Qb7 29. f3 Qb6 30. Nd3 g5 31. Kh1 h6 32. Rc1 Rc7 33. Ree1 Rfc8 34.
Rxc7 Rxc7 35. Rc1 Rxc1+ 36. Qxc1 Qc7 1/2-1/2

[Event "XX Festival A"]
[Site "Robecchetto con Induno ITA"]
[Date "2009.12.27"]
[Round "1"]
[White "Gonella, Daniele"]
[Black "Spornberger, Maximilian"]
[Result "1/2-1/2"]
[WhiteElo "1856"]
[BlackElo "2066"]
[PlyCount "86"]
[EventDate "2009.12.27"]

1. e4 d5 2. exd5 Nf6 3. Nf3 Nxd5 4. d4 g6 5. c4 Nb6 6. Nc3 Bg7 7. Bf4 c6 8. h3
O-O 9. Be2 Be6 10. b3 c5 11. Be5 Bxe5 12. Nxe5 cxd4 13. Nb5 N8d7 14. Nxd7 Qxd7
15. Nxd4 Rfd8 16. Nxe6 Qxe6 17. Qc2 Rd4 18. O-O Rad8 19. Rfd1 Rxd1+ 20. Rxd1
Rxd1+ 21. Qxd1 Qd7 22. Qc2 Nc8 23. c5 e6 24. a4 Ne7 25. Bf3 Nf5 26. b4 Nd4 27.
Qe4 Nxf3+ 28. Qxf3 Qc7 29. Qc3 h5 30. b5 Kf8 31. a5 Ke7 32. Qb4 Kd8 33. Qd4+
Ke7 34. c6 bxc6 35. Qc5+ Qd6 36. Qxa7+ Qd7 37. Qc5+ Qd6 38. Qa7+ Kf6 39. Qb6
Qd1+ 40. Kh2 cxb5 41. a6 Qa4 42. a7 b4 43. Qd8+ Kf5 1/2-1/2

[Event "XX Festival A"]
[Site "Robecchetto con Induno ITA"]
[Date "2009.12.27"]
[Round "1"]
[White "La Torre, Giovanni"]
[Black "Cesarano, Marco"]
[Result "1-0"]
[WhiteElo "2044"]
[BlackElo "1818"]
[PlyCount "59"]
[EventDate "2009.12.27"]

1. Nf3 Nf6 2. g3 d5 3. Bg2 e6 4. c4 c6 5. O-O Nbd7 6. d4 Bd6 7. Nc3 O-O 8. Qc2
Re8 9. e4 dxe4 10. Ng5 e5 11. Ncxe4 Bf8 12. dxe5 Rxe5 13. h4 h6 14. Nxf6+ Nxf6
15. Nf3 Bf5 16. Qb3 Re7 17. Be3 Qa5 18. Bd2 Qc7 19. Bf4 Qa5 20. Rad1 Rd8 21.
Rxd8 Qxd8 22. Rd1 Rd7 23. Re1 Qa5 24. Re5 Bc5 25. Be3 Bg4 26. Bxc5 Bxf3 27.
Bxf3 b6 28. Bd4 Qd2 29. Bc3 Qc1+ 30. Re1 1-0

[Event "XX Festival A"]
[Site "Robecchetto con Induno ITA"]
[Date "2009.12.27"]
[Round "1"]
[White "Marguerettaz, Davy"]
[Black "Trotto, Pierangelo"]
[Result "1-0"]
[WhiteElo "2072"]
[BlackElo "1893"]
[PlyCount "43"]
[EventDate "2009.12.27"]

1. e4 c5 2. Nf3 d6 3. d4 cxd4 4. Qxd4 Nc6 5. Bb5 Bd7 6. Bxc6 Bxc6 7. Nc3 Nf6 8.
Bg5 e6 9. O-O-O Be7 10. Rhe1 O-O 11. Kb1 Qc7 12. Qd2 Rfd8 13. Nd4 a6 14. f3 b5
15. g4 b4 16. Nce2 d5 17. e5 Bb5 18. exf6 gxf6 19. Bh6 Rab8 20. Ng3 a5 21. Nh5
a4 22. Bf4 1-0

[Event "XX Festival A"]
[Site "Robecchetto con Induno ITA"]
[Date "2009.12.27"]
[Round "1"]
[White "Morandi, Daniele"]
[Black "Bemporad, Filippo"]
[Result "1/2-1/2"]
[WhiteElo "1968"]
[BlackElo "2103"]
[PlyCount "81"]
[EventDate "2009.12.27"]

1. e4 c5 2. Nf3 d6 3. d4 cxd4 4. Nxd4 Nf6 5. Nc3 e6 6. Be2 Be7 7. O-O O-O 8.
Be3 a6 9. f4 Qc7 10. Qe1 Nc6 11. Qg3 Na5 12. e5 Nd7 13. f5 dxe5 14. fxe6 Nf6
15. Nf5 g6 16. Nxe7+ Qxe7 17. Qxe5 Qxe6 18. Qxe6 fxe6 19. Bd4 Nd5 20. Rxf8+
Kxf8 21. Rf1+ Kg8 22. Bg4 Nc6 23. Nxd5 exd5 24. Bxc8 Rxc8 25. Bc3 Ne7 26. Rd1
Kf7 27. Kf2 Ke6 28. Re1+ Kf7 29. Re2 Rc6 30. g4 Re6 31. Rd2 Re4 32. Kf3 Ke6 33.
Rd4 Rxd4 34. Bxd4 Nc6 35. Ke3 Nd8 36. Bb6 Nf7 37. c3 Ne5 38. Kf4 Nf7 39. h4 Ne5
40. b3 Nf7 41. Bd4 1/2-1/2

[Event "XX Festival A"]
[Site "Robecchetto con Induno ITA"]
[Date "2009.12.27"]
[Round "1"]
[White "Paulmichl, Martin"]
[Black "Cornaggia, Ranieri"]
[Result "1-0"]
[WhiteElo "2101"]
[BlackElo "1966"]
[PlyCount "45"]
[EventDate "2009.12.27"]

1. d4 Nf6 2. Bg5 c5 3. Nc3 h6 4. Bxf6 gxf6 5. d5 d6 6. e4 a6 7. a4 b6 8. Nf3
Nd7 9. Be2 Rg8 10. O-O Ne5 11. Nxe5 fxe5 12. Bh5 Bg7 13. Ne2 Bf6 14. Ng3 Bg5
15. Qf3 Bf4 16. Ne2 Rg5 17. Kh1 Kf8 18. g3 f5 19. exf5 Bxf5 20. Nc3 Rxh5 21.
Qxh5 Bg5 22. Qf3 Qd7 23. g4 1-0

[Event "XX Festival A"]
[Site "Robecchetto con Induno ITA"]
[Date "2009.12.27"]
[Round "1"]
[White "Radice, Luca"]
[Black "Raselli, Claudio"]
[Result "0-1"]
[WhiteElo "2088"]
[BlackElo "1958"]
[PlyCount "94"]
[EventDate "2009.12.27"]

1. e4 d5 2. exd5 Qxd5 3. Nc3 Qd6 4. d4 Nf6 5. Bc4 a6 6. Bb3 Nc6 7. Nge2 Bf5 8.
Bf4 Qd7 9. Qd2 e6 10. f3 Bd6 11. g4 Bg6 12. h4 h6 13. h5 Bh7 14. O-O-O O-O-O
15. d5 Bxf4 16. Qxf4 Na5 17. Ba4 Qd6 18. dxe6 Qxe6 19. Nd4 Qd6 20. Qxd6 Rxd6
21. Rhe1 b5 22. Bb3 Nxb3+ 23. Nxb3 Rxd1+ 24. Rxd1 Rd8 25. Rxd8+ Kxd8 26. Nc5 b4
27. Ne2 Nd7 28. Nxa6 c5 29. a3 bxa3 30. bxa3 Kc8 31. Kd2 Kb7 32. Nb4 cxb4 33.
axb4 Ne5 34. Nd4 Nc6 35. Nb5 Nxb4 36. c3 Nc6 37. Nd6+ Kc7 38. Ne8+ Kd7 39. Nxg7
Ke7 40. f4 Kf8 41. Ne6+ fxe6 42. Ke3 Ke7 43. g5 hxg5 44. fxg5 Bf5 45. Kf4 Kf7
46. c4 Bd3 47. c5 Be2 0-1

[Event "XX Festival A"]
[Site "Robecchetto con Induno ITA"]
[Date "2009.12.27"]
[Round "1"]
[White "Ranfagni, Stefano"]
[Black "Giretti Kanev, Jasen"]
[Result "1/2-1/2"]
[WhiteElo "2014"]
[BlackElo "2221"]
[PlyCount "107"]
[EventDate "2009.12.27"]

1. e4 c6 2. c4 d5 3. exd5 cxd5 4. d4 Nf6 5. Nc3 g6 6. Nf3 Bg7 7. Be2 O-O 8. O-O
dxc4 9. Bxc4 a6 10. h3 b5 11. Bb3 Nc6 12. Be3 Na5 13. Bc2 Nc4 14. b3 Nd6 15.
Rc1 Bb7 16. Ne5 Rc8 17. Bb1 Qa5 18. Qd2 b4 19. Na4 Nfe4 20. Bxe4 Nxe4 21. Qb2
Nc3 22. Nxc3 bxc3 23. Qc2 Bxe5 24. dxe5 Qxe5 25. Rfe1 Rfd8 26. f3 Qg3 27. Qf2
Qxf2+ 28. Kxf2 f6 29. Rc2 e5 30. Rec1 Rd3 31. Ke2 e4 32. f4 a5 33. Kf2 Rc6 34.
a3 Bc8 35. b4 a4 36. Bc5 g5 37. fxg5 fxg5 38. Rxc3 Rf6+ 39. Kg1 Ba6 40. Kh2 Kf7
41. Be3 Kg6 42. Rxd3 exd3 43. Rc3 h6 44. b5 Bb7 45. Rc7 Bd5 46. Rd7 Be4 47. b6
Rf7 48. Rxf7 Kxf7 49. Kg3 Kg6 50. Kf2 h5 51. g3 Kf5 52. h4 gxh4 53. gxh4 Kg4
54. Bg5 1/2-1/2

[Event "XX Festival A"]
[Site "Robecchetto con Induno ITA"]
[Date "2009.12.27"]
[Round "1"]
[White "Zanetti, Alberto"]
[Black "Jones, Alessandro"]
[Result "1-0"]
[WhiteElo "2180"]
[BlackElo "1977"]
[PlyCount "149"]
[EventDate "2009.12.27"]

1. f4 d5 2. Nf3 g6 3. e3 Bg7 4. c4 c6 5. Nc3 Nf6 6. d4 O-O 7. Bd3 Nbd7 8. cxd5
cxd5 9. O-O Nb6 10. Ne5 Bf5 11. g4 Bxd3 12. Qxd3 Nbd7 13. g5 Nxe5 14. fxe5 Nh5
15. e4 dxe4 16. Qxe4 e6 17. Be3 Qd7 18. Rf2 Bh8 19. Qf3 Rad8 20. Ne4 Qd5 21.
Rc1 b6 22. b3 h6 23. h4 hxg5 24. hxg5 Rd7 25. Kg2 Qb7 26. Rfc2 Rfd8 27. Nf6+
Bxf6 28. Qxb7 Rxb7 29. gxf6 Rbd7 30. Kf3 Kh7 31. Rh1 Kg8 32. Rh4 Kf8 33. Rg4
Ke8 34. Bf2 Rd5 35. Rg1 R5d7 36. Rc4 Rd5 37. Be3 Kd7 38. Rgc1 Ke8 39. R1c2 R5d7
40. Rh2 Rb8 41. Bg1 Rbd8 42. Be3 Rd5 43. Rhc2 R5d7 44. Ra4 Kf8 45. Ra6 Ke8 46.
Rc4 Rb8 47. a4 Kd8 48. Bf2 Rc8 49. a5 bxa5 50. Rxa5 Rb7 51. Ra3 Rxb3+ 52. Rxb3
Rxc4 53. Ra3 Rc7 54. Kg4 Kd7 55. Be1 Kc6 56. Bb4 Kb5 57. Bc5 a6 58. Rb3+ Kc4
59. Rb4+ Kd5 60. Rb6 a5 61. Ra6 Rb7 62. Rxa5 Rb3 63. Ra1 Ng3 64. Ra7 Nf5 65.
Kf4 Rg3 66. Rd7+ Kc6 67. Rd6+ Nxd6 68. Kxg3 Nf5+ 69. Kf4 Kd5 70. Kg5 Nxd4 71.
Bxd4 Kxd4 72. Kh6 g5 73. Kg7 g4 74. Kxf7 g3 75. Kxe6 1-0

[Event "XX Festival A"]
[Site "Robecchetto con Induno ITA"]
[Date "2009.12.28"]
[Round "2"]
[White "Barberi, Alessandro"]
[Black "Bernasconi, Roberto"]
[Result "1-0"]
[WhiteElo "2098"]
[BlackElo "1941"]
[PlyCount "107"]
[EventDate "2009.12.27"]

1. d4 d5 2. Nf3 Nf6 3. e3 e6 4. b3 Be7 5. Bd3 Nbd7 6. Nbd2 c6 7. Bb2 Qc7 8. O-O
O-O 9. Ne5 Rd8 10. f4 Nf8 11. Rf3 Bd7 12. Rh3 Be8 13. g4 N6d7 14. g5 f6 15.
gxf6 Nxf6 16. Qe2 b5 17. c4 a6 18. e4 bxc4 19. bxc4 Rab8 20. Rb1 c5 21. exd5
exd5 22. cxd5 Nxd5 23. Bc4 Kh8 24. Qf3 Nf6 25. d5 Qc8 26. f5 Rb6 27. Bb3 Rxb3
28. axb3 Rxd5 29. Ndc4 Qd8 30. Ng4 Nxg4 31. Qxg4 Bf6 32. Rf3 Rd1+ 33. Rf1 Rxf1+
34. Rxf1 Bxb2 35. Nxb2 Qf6 36. Nc4 Bd7 37. h4 Ng6 38. Qe4 Ne7 39. Ne3 h6 40.
Rf2 Qa1+ 41. Kh2 Qf6 42. Kg3 Qd6+ 43. Qf4 Qf6 44. Rc2 Bxf5 45. Rxc5 Qg6+ 46.
Kh2 Be6 47. h5 Qd3 48. Re5 Nd5 49. Qe4 Qd2+ 50. Qg2 Qd4 51. Rxe6 Qh4+ 52. Kg1
Nf4 53. Re8+ Kh7 54. Qe4+ 1-0

[Event "XX Festival A"]
[Site "Robecchetto con Induno ITA"]
[Date "2009.12.28"]
[Round "2"]
[White "Barlocco, Carlo"]
[Black "Marguerettaz, Davy"]
[Result "0-1"]
[WhiteElo "2158"]
[BlackElo "2072"]
[PlyCount "70"]
[EventDate "2009.12.27"]

1. e4 e5 2. Nf3 Nc6 3. Nc3 Nf6 4. a3 Bc5 5. Nxe5 Nxe5 6. d4 Bd6 7. f4 Nc6 8. e5
Be7 9. d5 Nb8 10. d6 cxd6 11. exd6 O-O 12. Be2 Qb6 13. dxe7 Re8 14. Qd3 Rxe7
15. Bd2 d5 16. O-O-O d4 17. Nb5 Nc6 18. Bf3 Bg4 19. Nd6 Qc5 20. Bxg4 Nxg4 21.
Nf5 Rc7 22. Be1 g6 23. Ng3 Re8 24. Nf1 Rxe1 25. Rxe1 Nf2 26. Qd2 Nxh1 27. g4
Re7 28. Rd1 d3 29. c3 Nf2 30. Re1 Rxe1+ 31. Qxe1 Nxg4 32. h3 Qf2 33. Qd1 Ne3
34. Nxe3 Qxe3+ 35. Kb1 Qe2 0-1

[Event "XX Festival A"]
[Site "Robecchetto con Induno ITA"]
[Date "2009.12.28"]
[Round "2"]
[White "Bemporad, Filippo"]
[Black "Cardani, Roberto"]
[Result "1-0"]
[WhiteElo "2103"]
[BlackElo "1960"]
[PlyCount "51"]
[EventDate "2009.12.27"]

1. d4 Nf6 2. Nf3 g6 3. c4 Bg7 4. Nc3 d5 5. cxd5 Nxd5 6. Qb3 Nb6 7. Bf4 O-O 8.
e3 a5 9. Be2 a4 10. Qd1 Nc6 11. O-O h6 12. Rc1 Be6 13. Nd2 Nd5 14. Bg3 Nxc3 15.
bxc3 Bxa2 16. Ra1 Bb3 17. Nxb3 axb3 18. Rxa8 Qxa8 19. Qxb3 e5 20. Rb1 Na5 21.
Qb5 exd4 22. cxd4 Rc8 23. Ra1 b6 24. Bg4 f5 25. Bf3 c6 26. Qxb6 1-0

[Event "XX Festival A"]
[Site "Robecchetto con Induno ITA"]
[Date "2009.12.28"]
[Round "2"]
[White "Bianchi, Alberto"]
[Black "Astengo, Corrado"]
[Result "1-0"]
[WhiteElo "2028"]
[BlackElo "2110"]
[PlyCount "159"]
[EventDate "2009.12.27"]

1. e4 c5 2. Nf3 e6 3. d4 cxd4 4. Nxd4 a6 5. Nc3 Qc7 6. g3 Nf6 7. Bg2 Nc6 8. O-O
Nxd4 9. Qxd4 Bc5 10. Qd1 h6 11. Qf3 d6 12. Na4 Ba7 13. Be3 Bd7 14. Nc3 Bc5 15.
Bxc5 dxc5 16. Rfd1 O-O 17. Rd2 Bc6 18. Qe2 Rfd8 19. Rad1 Rxd2 20. Qxd2 Rc8 21.
Qd6 Qxd6 22. Rxd6 Ng4 23. h3 Ne5 24. b3 g5 25. Ne2 Bb5 26. c4 Be8 27. f4 gxf4
28. gxf4 Nc6 29. e5 Rc7 30. Nc3 Kf8 31. Ne4 Nd4 32. Kf2 Rc8 33. Nf6 Bc6 34.
Bxc6 Nxc6 35. Nd7+ Ke7 36. Nxc5 Nxe5 37. Nxb7 Ng6 38. Ke3 Nh4 39. Rxa6 Nf5+ 40.
Kf2 Rc7 41. Na5 Rd7 42. Nc6+ Kf8 43. Ne5 Rd4 44. Kf3 h5 45. Ra7 Nh4+ 46. Ke3
Nf5+ 47. Ke2 Rxf4 48. Kd3 Rh4 49. Nxf7 Rxh3+ 50. Ke4 Re3+ 51. Kf4 Re2 52. Ng5
Ne7 53. Nh7+ Kf7 54. Ng5+ Ke8 55. Ne4 h4 56. Kf3 Rc2 57. Ra8+ Kd7 58. a4 Nf5
59. Kf4 h3 60. Rh8 h2 61. a5 Kc6 62. Ke5 Re2 63. Kf4 Rxe4+ 64. Kxe4 h1=Q+ 65.
Rxh1 Ng3+ 66. Ke5 Nxh1 67. Kxe6 Nf2 68. b4 Ne4 69. b5+ Kc7 70. Kd5 Nf6+ 71. Kd4
Ng8 72. c5 Ne7 73. Kc4 Nf5 74. a6 Ne3+ 75. Kb4 Nd5+ 76. Ka5 Ne7 77. b6+ Kc6 78.
a7 Kb7 79. Kb5 Ka8 80. Ka6 1-0

[Event "XX Festival A"]
[Site "Robecchetto con Induno ITA"]
[Date "2009.12.28"]
[Round "2"]
[White "Brigati, Alessandro"]
[Black "Virzi, Ettore"]
[Result "1/2-1/2"]
[WhiteElo "2086"]
[BlackElo "1974"]
[PlyCount "91"]
[EventDate "2009.12.27"]

1. d4 Nf6 2. c4 g6 3. Nc3 Bg7 4. Nf3 O-O 5. g3 d6 6. Bg2 a6 7. O-O Nc6 8. e4
Bg4 9. Be3 e5 10. d5 Ne7 11. Qc2 b6 12. b4 a5 13. a3 axb4 14. axb4 Rxa1 15.
Rxa1 Ne8 16. Nd2 f5 17. f3 f4 18. Bf2 fxg3 19. hxg3 Bc8 20. c5 bxc5 21. bxc5
dxc5 22. Bxc5 Nd6 23. Ra8 Qd7 24. Qb3 Bf6 25. Nc4 Kg7 26. Bxd6 cxd6 27. Qb6 Qb7
28. Qxb7 Bxb7 29. Rxf8 Kxf8 30. Nxd6 Ba6 31. Bf1 Nc8 32. Nxc8 Bxc8 33. Bb5 Be7
34. f4 Bd6 35. Ne2 Bg4 36. fxe5 Bxe2 37. Bxe2 Bxe5 38. Kf2 Ke7 39. Bg4 h5 40.
Be6 g5 41. Kg2 h4 42. gxh4 gxh4 43. Kh3 Bg3 44. Kg4 Kd6 45. Bf5 Be5 46. Kxh4
1/2-1/2

[Event "XX Festival A"]
[Site "Robecchetto con Induno ITA"]
[Date "2009.12.28"]
[Round "2"]
[White "Cornaggia, Ranieri"]
[Black "Radice, Luca"]
[Result "1-0"]
[WhiteElo "1966"]
[BlackElo "2088"]
[PlyCount "65"]
[EventDate "2009.12.27"]

1. e4 e6 2. Qe2 c5 3. f4 Nc6 4. Nf3 Nge7 5. d3 d5 6. e5 Nf5 7. c3 Bd7 8. g3 h5
9. Bh3 g6 10. Na3 Be7 11. Nc2 Qb6 12. O-O Rc8 13. Ne3 Nb8 14. Nxf5 gxf5 15. Ng5
d4 16. c4 Bc6 17. Bg2 Bxg2 18. Kxg2 Qc6+ 19. Kg1 b5 20. b3 Nd7 21. h4 Kf8 22.
Kh2 Kg7 23. Kh3 Kg6 24. Bd2 bxc4 25. bxc4 Rb8 26. Rfb1 Qa4 27. Be1 Rxb1 28.
Rxb1 Rb8 29. Rxb8 Nxb8 30. Qb2 Qd1 31. Qxb8 Qxe1 32. Qg8+ Kh6 33. Qh7# 1-0

[Event "XX Festival A"]
[Site "Robecchetto con Induno ITA"]
[Date "2009.12.28"]
[Round "2"]
[White "Damia, Angelo"]
[Black "Morandi, Daniele"]
[Result "1-0"]
[WhiteElo "2338"]
[BlackElo "1968"]
[PlyCount "33"]
[EventDate "2009.12.27"]

1. e4 e5 2. Nc3 Nc6 3. Bc4 Bc5 4. Qg4 Qf6 5. Nd5 Qxf2+ 6. Kd1 Nge7 7. Nh3 Qd4
8. Qxg7 Ng6 9. d3 Be7 10. Rf1 d6 11. c3 Bg4+ 12. Kc2 Qc5 13. b4 Nxb4+ 14. cxb4
Qc6 15. Rxf7 Bxh3 16. Rxe7+ Kd8 17. Rxc7 1-0

[Event "XX Festival A"]
[Site "Robecchetto con Induno ITA"]
[Date "2009.12.28"]
[Round "2"]
[White "Giretti Kanev, Jasen"]
[Black "Corti, Corrado"]
[Result "1-0"]
[WhiteElo "2221"]
[BlackElo "2030"]
[PlyCount "147"]
[EventDate "2009.12.27"]

1. Nf3 d5 2. c4 c6 3. b3 Nf6 4. Bb2 e6 5. e3 Bd6 6. Be2 Nbd7 7. d4 b6 8. O-O
Bb7 9. Ne5 O-O 10. Nd2 Rc8 11. Bd3 c5 12. cxd5 exd5 13. Nxd7 Nxd7 14. dxc5 Nxc5
15. Qg4 g6 16. Bf5 Rc7 17. Rac1 f6 18. b4 Rg7 19. Bc2 Na6 20. a3 Nc7 21. Nf3
Kh8 22. Rfd1 Qe7 23. Qh4 Kg8 24. Qh6 Rd8 25. Qh4 Rf8 26. Qh6 Rb8 27. Qh4 Rf8
28. Bb3 Kh8 29. Qh6 Rd8 30. Rc2 Qf8 31. Nd4 Be5 32. Rcd2 Qe8 33. h3 g5 34. Bc2
Qf7 35. Bb3 g4 36. h4 Rdg8 37. e4 Rg6 38. Qe3 Rd8 39. g3 Qe8 40. Nf5 Bxb2 41.
Rxb2 Bc8 42. Rc2 Bxf5 43. exf5 Rg7 44. Qxe8+ Rxe8 45. Rc6 Rf7 46. Bxd5 Nxd5 47.
Rxd5 Re1+ 48. Kg2 Ra1 49. Rd3 Re7 50. Rc4 h5 51. Rc8+ Kg7 52. Rcd8 Kh6 53. R8d7
Rxd7 54. Rxd7 Rxa3 55. Rf7 Ra4 56. Rxf6+ Kh7 57. Rd6 Rxb4 58. Rd7+ Kg8 59. Rxa7
Rb5 60. Rb7 Rb3 61. f6 b5 62. Rg7+ Kf8 63. Rg5 Rc3 64. Rxh5 b4 65. Rb5 b3 66.
Rb4 Kf7 67. Rxg4 b2 68. Rb4 Rc2 69. Rb6 Kg6 70. g4 Rc4 71. Kg3 Rc3+ 72. f3 Rc2
73. h5+ Kf7 74. g5 1-0

[Event "XX Festival A"]
[Site "Robecchetto con Induno ITA"]
[Date "2009.12.28"]
[Round "2"]
[White "Guidi, Maurizio"]
[Black "Gagliardi, Christian"]
[Result "1/2-1/2"]
[WhiteElo "2042"]
[BlackElo "2244"]
[PlyCount "112"]
[EventDate "2009.12.27"]

1. e4 d6 2. d4 g6 3. Nc3 Bg7 4. Be3 a6 5. a4 Nf6 6. Qd2 O-O 7. Nf3 Bg4 8. Be2
Bxf3 9. Bxf3 Nc6 10. Ne2 e5 11. d5 Ne7 12. g4 Qd7 13. h3 c6 14. g5 Ne8 15. Bg4
Qc7 16. dxc6 Qxc6 17. Nc3 b6 18. h4 Nc7 19. a5 bxa5 20. O-O Nb5 21. Nd5 Nxd5
22. exd5 Qc4 23. f4 e4 24. c3 a4 25. Be2 Qc8 26. c4 Nc7 27. Bd4 Qh3 28. Ra3 e3
29. Rxe3 Bxd4 30. Qxd4 Qd7 31. h5 Rae8 32. Rxe8 Nxe8 33. Kg2 f6 34. hxg6 hxg6
35. Rh1 Qe7 36. Bd3 Ng7 37. Rh6 fxg5 38. Rxg6 Rxf4 39. Qc3 Qa7 40. c5 Qf7 41.
Rxg7+ Qxg7 42. Qxg7+ Kxg7 43. c6 Rf7 44. Bxa6 Kf6 45. Bb5 Ra7 46. Kf3 Ke5 47.
Bc4 Kd4 48. Ba2 Rf7+ 49. Kg4 Rf2 50. b4 axb3 51. Bxb3 Kc5 52. Kxg5 Kb6 53. Bd1
Kc7 54. Kg4 Rf8 55. Bf3 Kd8 56. Be4 Kc7 1/2-1/2

[Event "XX Festival A"]
[Site "Robecchetto con Induno ITA"]
[Date "2009.12.28"]
[Round "2"]
[White "Jones, Alessandro"]
[Black "Gonella, Daniele"]
[Result "0-1"]
[WhiteElo "1977"]
[BlackElo "1856"]
[PlyCount "30"]
[EventDate "2009.12.27"]

1. d4 d5 2. c4 c6 3. Nc3 e6 4. e4 dxe4 5. Nxe4 Bb4+ 6. Bd2 Qxd4 7. Bxb4 Qxe4+
8. Be2 Na6 9. Bc3 Nf6 10. Qd6 Bd7 11. O-O-O O-O-O 12. Rd4 Qxg2 13. Bf3 Qg5+ 14.
Kb1 e5 15. Rd1 Bf5+ 0-1

[Event "XX Festival A"]
[Site "Robecchetto con Induno ITA"]
[Date "2009.12.28"]
[Round "2"]
[White "La Torre, Giovanni"]
[Black "Paulmichl, Martin"]
[Result "0-1"]
[WhiteElo "2044"]
[BlackElo "2101"]
[PlyCount "46"]
[EventDate "2009.12.27"]

1. Nf3 Nc6 2. c4 e5 3. Nc3 f5 4. d3 Nf6 5. g3 Bc5 6. Bg5 e4 7. Bxf6 Qxf6 8. Nd2
exd3 9. Nd5 Qd6 10. e3 O-O 11. a3 a5 12. Bxd3 Ne5 13. Be2 b5 14. O-O Bb7 15.
Qc2 bxc4 16. Nf4 Qc6 17. e4 fxe4 18. Nxc4 Nd3 19. Ne3 Kh8 20. Nfd5 Qd6 21. Nc3
Nxf2 22. Nb5 Qb6 23. Nc4 Qh6 0-1

[Event "XX Festival A"]
[Site "Robecchetto con Induno ITA"]
[Date "2009.12.28"]
[Round "2"]
[White "Raselli, Claudio"]
[Black "Zanetti, Alberto"]
[Result "0-1"]
[WhiteElo "1958"]
[BlackElo "2180"]
[PlyCount "44"]
[EventDate "2009.12.27"]

1. d4 Nf6 2. Bg5 e6 3. e4 h6 4. Bxf6 Qxf6 5. c3 b6 6. Bd3 Bb7 7. Ne2 d6 8. O-O
g6 9. f4 Nd7 10. Nd2 Bg7 11. Rc1 Qe7 12. Ng3 e5 13. dxe5 dxe5 14. f5 O-O-O 15.
Qe2 h5 16. fxg6 fxg6 17. Rf2 Bh6 18. Ba6 Bxd2 19. Bxb7+ Kxb7 20. Qxd2 Nc5 21.
Qe2 Nd3 22. Rff1 Qc5+ 0-1

[Event "XX Festival A"]
[Site "Robecchetto con Induno ITA"]
[Date "2009.12.28"]
[Round "2"]
[White "Spornberger, Maximilian"]
[Black "Aranovitch, Emiliano"]
[Result "1/2-1/2"]
[WhiteElo "2066"]
[BlackElo "2371"]
[PlyCount "48"]
[EventDate "2009.12.27"]

1. d4 Nf6 2. Bf4 c5 3. e3 g6 4. Nf3 Bg7 5. Nbd2 d5 6. c3 Qb6 7. Qb3 Nc6 8. Be2
O-O 9. Ne5 Nd7 10. Nxd7 Bxd7 11. Qxd5 Be6 12. Qxc5 Qxb2 13. Rb1 Qxa2 14. Rxb7
Rfc8 15. Rc7 Na5 16. Bd1 Rxc7 17. Bxc7 Nc4 18. Nxc4 Bxc4 19. Qb4 Rc8 20. Ba5 e5
21. Qa4 Qb1 22. Qc2 Qb5 23. Qa4 Qb2 24. Qc2 Qb5 1/2-1/2

[Event "XX Festival A"]
[Site "Robecchetto con Induno ITA"]
[Date "2009.12.28"]
[Round "2"]
[White "Trotto, Pierangelo"]
[Black "Curtacci, Sergio"]
[Result "0-1"]
[WhiteElo "1893"]
[BlackElo "1974"]
[PlyCount "109"]
[EventDate "2009.12.27"]

1. e4 c5 2. Nf3 Nc6 3. d4 cxd4 4. Nxd4 g6 5. c4 Bg7 6. Be3 Nf6 7. Nc3 d6 8. Be2
Ng4 9. Bxg4 Bxg4 10. f3 Bd7 11. O-O O-O 12. Qd2 Ne5 13. b3 Qa5 14. Rfd1 Rfe8
15. Rac1 Rac8 16. h3 Nc6 17. Nxc6 Bxc6 18. Nd5 Qxd2 19. Rxd2 b6 20. Rdc2 f5 21.
exf5 gxf5 22. Bg5 Kf7 23. Rd2 Be5 24. Kf2 Bb7 25. Re1 Bxd5 26. Rxd5 e6 27. Rd3
Rc6 28. Red1 f4 29. g3 fxg3+ 30. Kg2 d5 31. cxd5 Rc2+ 32. R1d2 Rxd2+ 33. Rxd2
exd5 34. Rxd5 Ke6 35. Rd2 Kf5 36. f4 Bc3 37. Rd7 Be1 38. Rd5+ Kg6 39. Rd6+ Kf5
40. Rd5+ Kg6 41. Rd6+ Kf7 42. Rd7+ Kg6 43. Re7 Rxe7 44. Bxe7 Kf5 45. Bd6 Ke4
46. Bb8 a6 47. Bc7 b5 48. Bb8 h6 49. h4 Kf5 50. Kf3 g2 51. Kxg2 Kg4 52. a4 Bxh4
53. f5 Kxf5 54. Kf3 Bf6 55. Bg3 0-1